Normal view
MARC view
Entry Personal Name
001 - CONTROL NUMBER
- control field: 17920
003 - CONTROL NUMBER IDENTIFIER
- control field: dpl
005 - DATE AND TIME OF LATEST TRANSACTION
- control field: 20100901142454.0
008 - FIXED-LENGTH DATA ELEMENTS
- fixed length control field: 100901|||a|||||| | ||| d
040 ## - CATALOGING SOURCE
- Original cataloging agency: dpl
- Transcribing agency: dpl
100 ## - HEADING--PERSONAL NAME
- Personal name: Hunt, James M.
- Fuller form of name: (James Michael)
670 ## - SOURCE DATA FOUND
- Source citation: Work cat.: (dpl)0: Hunt, James M. (James Michael), The coaching manager :, 2010
670 ## - SOURCE DATA FOUND
- Source citation: Work cat.: (dpl)0: Hunt, James M. (James Michael), The coaching manager :, 2010
